[Event "17th Asian Continental-ch Open 2018"]
[Site "Makati City"]
[Date "2018.12.12"]
[Round "3.28"]
[White "Pangilinan, Stephen Rome"]
[Black "Gomez, John Paul"]
[Result "0-1"]
[WhiteElo "2276"]
[BlackElo "2450"]
[Annotator "TA"]
[PlyCount "84"]
[EventDate "2018.12.07"]
[EventType "swiss"]
[EventRounds "9"]
[EventCountry "PHI"]

{[%evp 21,84,-29,-22,-34,-22,-36,-16,-37,-8,-8,-18,-18,-13,-60,-57,-110,-46,-54,-57,-75,-64,-52,-56,-131,-134,-145,-156,-195,-184,-245,-251,-250,-247,-253,-248,-252,-253,-249,-200,-230,-218,-272,-246,-246,-243,-301,-310,-314,-301,-360,-360,-352,-347,-347,-351,-422,-387,-480,-481,-581,-470,-6704,-6233,-5402,-5343]} 1. e4 e6 2. d4 d5 3. Nd2 Nf6 4. Bd3 c5 5. c3 cxd4 6. cxd4 dxe4 7. Nxe4 Nc6 8. Nf3 Be7 9. O-O O-O 10. Ng3 {B22: Sicilian: 2 c3} (10. Nc3 b6 11. a3 Bb7 12. Re1 Rc8 13. Be3 Qc7 14. Qe2 Rfd8 15. Rad1 g6 16. h3 Qb8 17. Bb1 Rd7 18. Ba2 Rcd8 19. Bg5 Nxd4 20. Nxd4 Rxd4 21. Bxe6 {½-½ (37) Yeoh,L (2471)-Bortnyk,O (2580) Yerevan 2017}) 10... b6 11. a3 Bb7 {LiveBook: 4 Games} 12. b4 {The position is equal.} Rc8 13. Bb2 $146 ({Predecessor:} 13. Re1 Qd6 14. Bb2 Rfd8 15. Qe2 Nd5 16. Qe4 g6 17. Rad1 Bf6 {0-1 (38) Djordjevic,D (2202)-Cerovic,D (2327) Belgrade 2012}) 13... Qd6 14. Bc2 Ba6 15. Re1 Bc4 16. Rc1 b5 17. Ng5 Rfd8 $36 {[%cal Rc6d4][%mdl 2048] Black has good play.} 18. Nh5 ({White should play} 18. Nf3 $15) 18... g6 (18... Nxd4 $17 {...Ne2+! is the strong threat.} 19. Nxf6+ Bxf6) 19. Nxf6+ $15 Bxf6 20. Ne4 {[#]} Qe7 $1 {[%cal Rf6d4]} 21. Nxf6+ Qxf6 22. Qg4 (22. Re4 $15) 22... Nxd4 $17 23. Bd1 {[#]} Nf3+ $1 {[%mdl 512]} 24. Bxf3 Qxb2 25. Bb7 (25. Ra1 $142) 25... Rb8 $19 ({Inferior is} 25... Qxa3 26. Bxc8 Rxc8 27. Rb1 $11) 26. Bf3 Qxa3 27. Rb1 a5 28. bxa5 Qxa5 29. h4 Qa7 30. h5 Rd2 31. Re3 Rbd8 32. Qg5 Qd4 33. h6 f6 34. Qg3 e5 35. Be4 Rd1+ 36. Kh2 {[#]} Kf7 $1 37. Rxd1 Qxd1 38. Bf3 Qd6 39. Kg1 b4 {Black is clearly winning.} 40. Qh4 Be6 41. Be4 (41. Qe4 $142 b3 42. Rxb3 {[%mdl 64] Decoy} Bxb3 43. Qb7+ Kf8 44. Qxb3) 41... Qd1+ 42. Kh2 g5 {Accuracy: White = 33%, Black = 75%.} 0-1

[Event "17th Asian Continental-ch Open 2018"]
[Site "Makati City"]
[Date "2018.12.12"]
[Round "3.29"]
[White "Miciano, John Marvin"]
[Black "Schain, Randolph"]
[Result "1-0"]
[WhiteElo "2354"]
[BlackElo "2229"]
[PlyCount "111"]
[EventDate "2018.12.07"]
[EventType "swiss"]
[EventRounds "9"]
[EventCountry "PHI"]
[TimeControl "40/5400+30:1800+30"]

1. d4 Nf6 2. g3 g6 3. c4 Bg7 4. Bg2 O-O 5. Nc3 d6 6. Nf3 c5 7. d5 Nbd7 8. O-O Qc7 9. h3 a6 10. a4 Rb8 11. Qc2 b6 12. e4 Ne5 13. Nd2 e6 14. f4 Ned7 15. g4 exd5 16. exd5 Re8 17. Nf3 h5 18. g5 Nh7 19. Nh4 Nhf8 20. Kh1 Kh7 21. f5 Bxc3 22. fxg6+ fxg6 23. Qxc3 Ne5 24. Bf4 Qg7 25. Rae1 Bd7 26. Bxe5 Rxe5 27. Rxe5 dxe5 28. Be4 Be8 29. Rf6 Rb7 30. Qf3 Rf7 31. Rxf7 Qxf7 32. Qxf7+ Bxf7 33. Nf3 Nd7 34. d6 Be6 35. Bc6 Nb8 36. Nxe5 Kg7 37. h4 Nxc6 38. Nxc6 Kf8 39. Ne5 Ke8 40. Kg2 Bf5 41. Kf3 Bc2 42. Kf4 a5 43. Nf3 Kd7 44. Ke5 Bxa4 45. Nd2 Bc2 46. Nf1 Bd3 47. Ne3 a4 48. Nd5 Kc6 49. Ke6 Bf5+ 50. Ke7 b5 51. Nc3 bxc4 52. Nxa4 Kb5 53. Nc3+ Kc6 54. Ne4 Kd5 55. Ng3 c3 56. bxc3 1-0

[Event "17th Asian Continental-ch Open 2018"]
[Site "Makati City"]
[Date "2018.12.12"]
[Round "3.30"]
[White "Gong, Daniel Hanwen"]
[Black "Garma, Chito"]
[Result "0-1"]
[WhiteElo "2270"]
[BlackElo "2342"]
[PlyCount "72"]
[EventDate "2018.12.07"]
[EventType "swiss"]
[EventRounds "9"]
[EventCountry "PHI"]
[TimeControl "40/5400+30:1800+30"]

1. e4 Nf6 2. e5 Nd5 3. c4 Nb6 4. d4 d6 5. exd6 cxd6 6. Nc3 g6 7. Be3 Bg7 8. Rc1 O-O 9. b3 Nc6 10. d5 Ne5 11. Be2 f5 12. f4 Nf7 13. Nf3 e5 14. dxe6 Bxe6 15. O-O Re8 16. Bd4 Bh6 17. Ne1 d5 18. c5 Nd7 19. Rc2 Nb8 20. Rd2 Nc6 21. Bb5 Qa5 22. Nc2 a6 23. Ba4 Re7 24. Re2 Nxd4 25. Nxd4 Qxc5 26. b4 Qxc3 27. Nxe6 Qxb4 28. Bb3 Qb6+ 29. Kh1 Rxe6 30. Rxe6 Qxe6 31. Bxd5 Qd7 32. Qb3 Rf8 33. Rd1 Qc7 34. Be6 Kh8 35. Rd7 Qxf4 36. Rd1 Ng5 0-1

[Event "17th Asian Continental-ch Open 2018"]
[Site "Makati City"]
[Date "2018.12.12"]
[Round "3.31"]
[White "Orio, Rogelio L."]
[Black "Montoya, Edsel"]
[Result "0-1"]
[WhiteElo "1791"]
[BlackElo "2312"]
[PlyCount "124"]
[EventDate "2018.12.07"]
[EventType "swiss"]
[EventRounds "9"]
[EventCountry "PHI"]
[TimeControl "40/5400+30:1800+30"]

1. d4 Nf6 2. Bf4 g6 3. e3 Bg7 4. Be2 d6 5. c3 O-O 6. Nd2 Nc6 7. h4 e5 8. Bg5 h6 9. d5 hxg5 10. dxc6 bxc6 11. h5 gxh5 12. Bxh5 g4 13. Qc2 Nxh5 14. Rxh5 f5 15. Ne2 Be6 16. O-O-O Qe8 17. Rdh1 Qg6 18. f3 Kf7 19. fxg4 Qxg4 20. Nf3 Rh8 21. Ng5+ Ke7 22. Nh7 Rag8 23. Ng1 e4 24. Qf2 Be5 25. Ne2 Qxg2 26. Qh4+ Kd7 27. Nf4 Qg7 28. Rh6 Bf7 29. Qh3 Qg4 30. Qf1 Qf3 31. Qe1 Rg3 32. Nh5 Bxh5 33. R6xh5 Qxe3+ 34. Qxe3 Rxe3 35. Rxf5 Kc8 36. Rf7 Rg3 37. a4 Rg7 38. Rf8+ Rxf8 39. Nxf8 Rg8 40. Rf1 Kd8 41. Ne6+ Kd7 42. Nd4 Bxd4 43. cxd4 Ke6 44. Kd2 Rg3 45. Rh1 Rd3+ 46. Kc2 Rxd4 47. b3 d5 48. Rh7 Kd6 49. Rh6+ Kc5 50. Rh7 Kb6 51. Rh6 a5 52. Re6 Rd3 53. Re8 Rh3 54. Rb8+ Ka7 55. Rc8 Kb7 56. Re8 Rh2+ 57. Kc1 Kb6 58. Rb8+ Kc5 59. Rb7 e3 60. Rxc7 Rh1+ 61. Kc2 e2 62. Re7 e1=Q 0-1

[Event "17th Asian Continental-ch Open 2018"]
[Site "Makati City"]
[Date "2018.12.12"]
[Round "3.32"]
[White "Young, Angelo"]
[Black "Bai, Adelard"]
[Result "1/2-1/2"]
[WhiteElo "2282"]
[BlackElo "2100"]
[PlyCount "148"]
[EventDate "2018.12.07"]
[EventType "swiss"]
[EventRounds "9"]
[EventCountry "PHI"]
[TimeControl "40/5400+30:1800+30"]

1. Nf3 d5 2. d4 Nf6 3. g3 c6 4. Bg2 Bg4 5. h3 Bxf3 6. Bxf3 Nbd7 7. O-O e5 8. dxe5 Nxe5 9. Bg2 Be7 10. c3 h5 11. Qd4 Ng6 12. c4 h4 13. g4 dxc4 14. Qxc4 Qc7 15. Nc3 Ne5 16. Qa4 a6 17. Bf4 Bd6 18. g5 Nfd7 19. Rfd1 Nf3+ 20. Bxf3 Bxf4 21. Rxd7 Kxd7 22. Nd5 Bh2+ 23. Kh1 Qe5 24. Nb6+ Kc7 25. Nxa8+ Rxa8 26. Rd1 Rd8 27. Rxd8 Kxd8 28. Qxh4 g6 29. Qc4 Qc7 30. Qd4+ Bd6 31. Qh8+ Ke7 32. Qf6+ Kf8 33. Qh8+ Ke7 34. Qf6+ Kf8 35. Qh8+ Ke7 36. Qd4 Qd7 37. Bg4 Qc7 38. e3 Be5 39. Qb4+ c5 40. Qe4 Kf8 41. b3 Bd6 42. Bf3 b5 43. Qa8+ Kg7 44. Qxa6 Qe7 45. Qxb5 Qe5 46. Kg2 Qxg5+ 47. Kf1 Qf5 48. Bg4 Qb1+ 49. Kg2 Qxa2 50. Qd7 Qa8+ 51. Bf3 Qf8 52. Bd5 Qe7 53. Qg4 Qe5 54. Bc4 Qe7 55. Qf3 Qg5+ 56. Kf1 Qf6 57. Qg4 Qa1+ 58. Ke2 Qb2+ 59. Kf3 Qf6+ 60. Kg2 Qe5 61. Kg1 Qa1+ 62. Kg2 Qe5 63. Qf3 Qg5+ 64. Kf1 Qf6 65. Qd5 Qa1+ 66. Kg2 Qf6 67. f4 Qe7 68. Kf3 Qd7 69. Ke2 Qe7 70. Kf3 Qd7 71. Kg2 Qe7 72. Qf3 Qf6 73. Qd5 Qe7 74. Kf3 Qd7 1/2-1/2

[Event "17th Asian Continental-ch Open 2018"]
[Site "Makati City"]
[Date "2018.12.13"]
[Round "4"]
[White "Wei, Yi"]
[Black "Firouzja, Alireza"]
[Result "1-0"]
[WhiteElo "2728"]
[BlackElo "2607"]
[Annotator "TA"]
[PlyCount "53"]
[EventDate "2018.12.07"]
[EventType "swiss"]
[EventRounds "9"]
[EventCountry "PHI"]
[SourceTitle "playchess.com"]
[Source "ChessBase"]
[SourceQuality "1"]

{[%evp 13,53,0,0,0,20,8,17,18,13,18,41,33,33,22,36,38,40,10,144,139,155,139,143,152,150,137,146,137,275,268,271,271,579,562,1106,1074,1752,1560,3370,3269,2592,2419]} 1. e4 c5 2. Nc3 d6 3. Nge2 Nc6 4. d4 cxd4 5. Nxd4 Nf6 6. g3 g6 7. Nxc6 {B70: Sicilian Dragon: 6 g3 and 6 Be2 (without a later Be3)} bxc6 {LiveBook: 4 Games} 8. Bg2 Bb7 (8... Qc7 9. b3 Bg7 10. Bb2 O-O 11. O-O Ba6 12. Re1 Rad8 13. Qd4 e5 14. Qd2 Nd7 {½-½ (58) Wang,H (2722)-Wojtaszek,R (2727) Douglas 2018}) 9. b3 $146 {The position is equal.} ({Predecessor:} 9. O-O Bg7 10. Re1 O-O 11. b3 Nxe4 12. Nxe4 Bxa1 13. Bg5 Bg7 14. Nc3 Bxc3 15. Bxe7 {0-1 (25) Hamdoun,K-Iaali,A (1698) Soviet Alumni 2016}) 9... Bg7 10. Bb2 O-O 11. O-O Qc8 12. Qd2 Rd8 13. Rad1 c5 14. Rfe1 e6 15. e5 Ng4 (15... Ne8 $1 $11 {remains equal.}) 16. exd6 $16 Bd4 17. Bxb7 Qxb7 18. Ne4 $1 $36 {[%mdl 2048] Keeping Black busy.} Bxb2 {[#]} 19. c3 $1 Ba3 20. Qf4 f5 {[#]} (20... Kg7 $16) 21. Ng5 $1 $18 c4 {White must now prevent ...Bc5.} 22. b4 Bb2 $2 (22... Qb6 23. Rxe6 a5) 23. Nxe6 {White is clearly winning.} Bxc3 24. Nxd8 Qb5 {[#]} 25. a4 $1 {[%cal Ba2a4,Ba4b5][%mdl 32]} Nxf2 (25... Qxa4 26. Qxc4+) 26. axb5 Nh3+ 27. Kf1 {Accuracy: White = 79%, Black = 27%.} 1-0

[Event "17th Asian Continental-ch Open 2018"]
[Site "Makati City"]
[Date "2018.12.13"]
[Round "4"]
[White "Maghsoodloo, Parham"]
[Black "Ganguly, Surya Shekhar"]
[Result "0-1"]
[WhiteElo "2688"]
[BlackElo "2621"]
[Annotator "TA"]
[PlyCount "88"]
[EventDate "2018.12.07"]
[EventType "swiss"]
[EventRounds "9"]
[EventCountry "PHI"]
[SourceTitle "playchess.com"]
[Source "ChessBase"]
[SourceQuality "1"]

{[%evp 19,88,10,22,6,16,12,0,8,22,6,26,8,25,25,27,6,1,-8,-17,-37,-26,-44,-41,-47,-56,-93,-114,-122,-114,-133,-112,-172,-173,-247,-247,-287,-287,-263,-291,-340,-312,-327,-330,-364,-227,-422,-402,-419,-421,-414,-412,-416,-394,-389,-373,-459,-467,-728,-717,-1079,-1070,-987,-985,-951,-940,-1264,-1365,-1329,-825,-689,-599]} 1. Nf3 Nf6 2. c4 e6 3. g3 d5 4. Bg2 Be7 5. O-O O-O 6. d4 dxc4 7. Qc2 c6 8. Qxc4 b5 9. Qc2 Bb7 10. Bg5 Nbd7 {LiveBook: 8 Games} 11. Bxf6 {D30: Queen's Gambit Declined: Systems without Nc3} (11. Rd1 Qb6 12. Nc3 c5 13. Ne5 Nxe5 14. dxe5 Bxg2 15. Kxg2 Qb7+ 16. Kg1 Nd5 17. Bxe7 Nxe7 18. a4 a6 19. axb5 axb5 20. Rxa8 Rxa8 {½-½ (39) Ponomariov,R (2686)-Hou,Y (2658) Shenzhen 2018}) 11... Bxf6 12. Nbd2 c5 13. dxc5 {Black should prevent Ng5!The position is equal.} Rc8 14. Nb3 Bd5 15. Rfd1 $146 ({Predecessor:} 15. Nfd2 Bxg2 16. Kxg2 Be7 17. Qd3 a6 18. Rfd1 Nxc5 19. Nxc5 Rxc5 20. Qxd8 Rxd8 {0-1 (42) Klachkou,T (1965)-Aliakbarov,A (2270) Brest 2018}) 15... a5 16. e4 Bxb3 17. Qxb3 Rxc5 18. a4 b4 19. e5 Be7 $1 ({Stronger than} 19... Bxe5 20. Nxe5 Rxe5 21. Qc2 $16 (21. Qd3 Qc7 $11)) 20. Nd4 Qb6 $1 21. f4 Rcc8 {And now ...Bc5 would win.} 22. Kh1 Rfd8 23. Nb5 Nc5 24. Rxd8+ Rxd8 25. Qc2 (25. Qe3 $17) 25... g6 26. Qe2 {[#]} (26. h3 $142) 26... Nb3 $1 $19 {[%cal Rb3a1]} 27. Rd1 Rxd1+ 28. Qxd1 Qf2 29. Qb1 Qd2 30. h4 Nc5 31. Kh2 Nd3 $40 {[%mdl 128] Black has strong attack.} 32. b3 $2 {[#]} (32. Nd6 Nxb2 33. Qe4) 32... Nxf4 $1 {[%csl Gf4][%cal Rd2g2][%mdl 512]} 33. Qe4 (33. gxf4 Qxf4+) 33... Nxg2 34. Qxg2 Qe3 35. Nd6 Qxe5 36. Nc4 Qf5 37. Qa8+ Kg7 {Black is clearly winning.} 38. Nxa5 (38. Qg2 $142 Qd3 39. Nxa5) 38... Bd6 39. Nc4 Qc2+ 40. Qg2 {[#]} Bxg3+ $1 {[%mdl 576] Double Attack, Pin} 41. Kh3 (41. Kxg3 Qxb3+) 41... Qxb3 {( -> ...Be5+)} 42. Nd2 Qd3 43. Qxg3 Qxd2 44. a5 Qc3 {Accuracy: White = 33%, Black = 88%.} 0-1

[Event "17th Asian Continental-ch Open 2018"]
[Site "Makati City"]
[Date "2018.12.13"]
[Round "4"]
[White "Sethuraman, S.P."]
[Black "Lalith Babu M R"]
[Result "1-0"]
[WhiteElo "2664"]
[BlackElo "2529"]
[Annotator "TA"]
[PlyCount "93"]
[EventDate "2018.12.07"]
[EventType "swiss"]
[EventRounds "9"]
[EventCountry "PHI"]
[SourceTitle "playchess.com"]
[Source "ChessBase"]
[SourceQuality "1"]

{[%evp 29,93,36,31,31,31,24,33,28,32,29,29,28,25,29,33,33,33,26,35,29,33,35,62,55,68,59,72,22,22,22,27,23,21,21,22,27,22,26,198,194,213,220,195,203,354,349,343,328,347,328,288,266,271,271,423,423,408,403,486,379,5469,5377,4802,535,534,529]} 1. d4 Nf6 2. c4 e6 3. Nf3 b6 4. a3 Bb7 5. Nc3 d5 6. cxd5 Nxd5 7. Qc2 Nxc3 8. bxc3 Nd7 9. e4 c5 10. Bf4 Be7 11. Bd3 {[%cal Bf1d3,Bd3b5,Bb5d7][%mdl 32] E12: Queen's Indian: Unusual White 4th moves, 4 a3, 4 Nc3 Bb7 5 a3 and 4 Nc3 Bb7} cxd4 12. cxd4 Rc8 13. Qb3 Nf6 14. Qb5+ Qd7 (14... Bc6 15. Qb1 O-O 16. O-O Ba4 17. Re1 Qd7 18. Bd2 h6 19. Qb2 Rfd8 20. Bb4 Rc7 21. Qd2 Rdc8 22. Ba6 Rd8 23. Bd3 Rdc8 24. Ba6 Rd8 {½-½ (24) Jakovenko,D (2709)-Tomashevsky,E (2722) Novi Sad 2016}) 15. Ne5 Qxb5 {LiveBook: 23 Games} 16. Bxb5+ Kf8 17. f3 Ne8 18. Bd7 Rd8 19. Bc6 Bc8 20. Be3 f6 21. Nd3 $146 Bd7 22. Bxd7 Rxd7 23. Ke2 Nd6 24. Rhc1 Kf7 25. a4 Nb7 26. g4 Na5 27. Rc3 Rb8 28. Rb1 Rbb7 29. f4 $36 {[%mdl 2048] White is more active.} Rbc7 30. Rbc1 Rxc3 31. Rxc3 a6 32. f5 exf5 33. gxf5 g6 $2 {[#]} (33... b5 $1 $11 {and Black has nothing to worry.}) 34. e5 $1 $18 {[%cal Re5e6] e6+ is the strong threat.} gxf5 {[#]} 35. Nf4 $1 {And now e6+ would win.} fxe5 36. dxe5 {[%cal Bd4e5,Be5e6][%mdl 32]} Kg7 $2 (36... Bb4) 37. Bxb6 Bb4 38. e6 Rd6 39. Rc7+ Kf8 40. Be3 Nc6 41. Rxh7 Nd4+ (41... Ke8 $142 42. h4 Nd8) 42. Bxd4 $1 Rxd4 43. Kf3 Kg8 44. Rd7 Rc4 $2 (44... Re4 45. Nd5 Rxe6 46. Nxb4 Re4 47. Nxa6 Rxa4) 45. Nd5 {White wants to mate with Nf6+.White is clearly winning.} Kf8 46. Rd8+ (46. Rf7+ $142 Ke8 47. Rb7 Rc3+ 48. Ke2 Rc2+ 49. Ke3) 46... Kg7 47. Nxb4 {Accuracy: White = 81%, Black = 54%.} 1-0

[Event "17th Asian Continental-ch Open 2018"]
[Site "Makati City"]
[Date "2018.12.13"]
[Round "4"]
[White "Lu, Shanglei"]
[Black "Abdusattorov, Nodirbek"]
[Result "1/2-1/2"]
[WhiteElo "2636"]
[BlackElo "2546"]
[Annotator "TA"]
[PlyCount "37"]
[EventDate "2018.12.07"]
[EventType "swiss"]
[EventRounds "9"]
[EventCountry "PHI"]
[SourceTitle "playchess.com"]
[Source "ChessBase"]
[SourceQuality "1"]

{[%evp 22,37,0,0,0,-17,0,0,0,-1,13,17,13,0,0,0,0,0]} 1. e4 e5 2. Nf3 Nc6 3. Bb5 Nf6 4. d3 Bc5 5. c3 O-O 6. O-O d6 7. Nbd2 Bb6 8. h3 {C65: Ruy Lopez: Berlin Defence (3...Nf6), unusual lines and 4 0-0 Bc5} Ne7 9. Re1 c6 10. Ba4 Ng6 11. Nf1 Bc7 (11... d5 12. Ng3 dxe4 13. Nxe4 Nxe4 14. dxe4 Be6 15. Bb3 {½-½ (29) Anand,V (2760)-Carlsen,M (2843) Stavanger 2018}) 12. Ng3 {LiveBook: 3 Games. The position is equal.} d5 13. Bb3 {[#]} Be6 $146 ({Predecessor:} 13... h6 14. Be3 Be6 15. Qc2 {0-1 (54) Aryan,C (2436)-Ganguly,S (2648) Doha 2015}) 14. d4 dxe4 15. Nxe5 Bxe5 16. dxe5 Qxd1 17. Bxd1 Nxe5 18. Nxe4 Nxe4 19. Rxe4 1/2-1/2

[Event "17th Asian Continental-ch Open 2018"]
[Site "Makati City"]
[Date "2018.12.13"]
[Round "4"]
[White "Jumabayev, Rinat"]
[Black "Ni, Hua"]
[Result "1/2-1/2"]
[WhiteElo "2602"]
[BlackElo "2683"]
[Annotator "TA"]
[PlyCount "126"]
[EventDate "2018.12.07"]
[EventType "swiss"]
[EventRounds "9"]
[EventCountry "PHI"]
[SourceTitle "playchess.com"]
[Source "ChessBase"]
[SourceQuality "1"]

{[%evp 9,126,12,11,6,0,0,10,0,12,3,0,0,15,10,20,0,24,18,39,0,18,0,0,0,0,0,66,0,0,0,61,60,67,73,66,11,11,15,17,15,13,-14,26,17,10,8,16,17,22,29,25,27,27,27,27,26,27,27,49,29,26,16,23,15,20,3,8,8,8,0,0,0,5,6,6,6,6,0,0,0,0,0,14,13,16,8,18,18,18,11,15,12,11,22,8,0,0,0,0,0,0,0,0,0,0,0,0,0,0,0,0,0,8,8,8,8,8,8,8]} 1. c4 e5 2. Nc3 Bb4 3. Nd5 a5 4. a3 Be7 5. e3 (5. g3 Nf6 6. Bg2 Nxd5 7. cxd5 c6 8. e3 cxd5 9. Ne2 d4 10. exd4 exd4 11. Nxd4 O-O 12. O-O {1-0 (40) Dubov,D (2703)-Artemiev,V (2706) Sochi 2018}) 5... Nf6 6. Nxe7 $146 {A21: English Opening: 1...e5 2 Nc3} ({Predecessor:} 6. d4 exd4 7. exd4 O-O 8. Bd3 Nxd5 9. cxd5 c6 10. Ne2 d6 11. Nc3 Nd7 {1-0 (59) Stocek,J (2566)-Srinath,R (2270) Marianske Lazne 2018}) 6... Qxe7 7. b3 O-O 8. Bb2 c5 9. Ne2 d5 10. cxd5 Nxd5 11. Ng3 Nc6 12. Bb5 Rd8 13. O-O Nc7 14. Bxc6 bxc6 15. f4 Nd5 {[#] Strongly threatening ...Nxe3!} 16. Qc2 exf4 17. exf4 Re8 (17... Qa7 $11) 18. Rac1 ({Better is} 18. Rfe1 $14 Qxe1+ 19. Rxe1 Rxe1+ 20. Kf2) 18... f6 $11 19. h3 Qa7 (19... Ba6 $11 20. Rfe1 Qb7) 20. Qxc5 $14 Qxc5+ 21. Rxc5 a4 22. bxa4 (22. b4 $1 $14) 22... Rxa4 $11 23. Rxc6 Nxf4 24. Rd6 h5 25. d3 Ne2+ 26. Nxe2 Rxe2 27. Rf2 Re1+ 28. Kh2 {[#] Black must now prevent Rd8+.} Kf7 29. Bc3 Re6 30. Rd8 Re8 31. Rxe8 Kxe8 {[%mdl 4096] Endgame KRB-KRB} 32. Bb4 Kf7 33. Rc2 Be6 34. Rc7+ Kg6 35. d4 Ra8 36. Kg3 Rd8 {The position is equal.} 37. Re7 Bd5 38. h4 Rc8 39. Bc5 Rb8 40. Bb4 Rc8 41. Rd7 Bc6 42. Ra7 Be4 43. Kf2 Rc2+ 44. Ke3 Bxg2 45. Bf8 Bd5 46. Rxg7+ Kf5 47. Rd7 Be6 48. Rh7 Kg4 49. Be7 Rc3+ 50. Kd2 Rf3 51. Rh6 Kxh4 52. Bxf6+ Kg4 53. a4 {[%cal Ba3a4,Ba4a5][%mdl 32]} Bf5 54. Be5 Ra3 55. Ra6 h4 {[%cal Bh5h4,Bh4h3][%mdl 32]} 56. a5 h3 57. Ra8 Be4 58. Rg8+ Kf5 59. Rf8+ Kg6 60. Rh8 Rxa5 61. Rxh3 Ra2+ 62. Kc1 Kf5 63. Rh4 {Threatens to win with Rf4+.} Bd3 {Accuracy: White = 59%, Black = 71%.} 1/2-1/2

[Event "17th Asian Continental-ch Open 2018"]
[Site "Makati City"]
[Date "2018.12.13"]
[Round "4"]
[White "Lye, Lik Zang"]
[Black "Nguyen, Ngoc Truong Son"]
[Result "1/2-1/2"]
[WhiteElo "2321"]
[BlackElo "2641"]
[Annotator "TA"]
[PlyCount "90"]
[EventDate "2018.12.07"]
[EventType "swiss"]
[EventRounds "9"]
[EventCountry "PHI"]
[SourceTitle "playchess.com"]
[Source "ChessBase"]
[SourceQuality "1"]

{[%evp 20,90,22,16,16,-9,0,0,-2,-7,-11,-20,-10,-12,0,-6,0,-21,-6,-16,-15,-25,0,0,0,0,0,-17,0,0,0,0,0,0,17,8,26,20,9,17,34,19,18,38,54,23,55,28,39,0,0,0,8,7,10,0,0,0,0,0,0,0,0,0,0,0,0,0,0,0,0,0,0]} 1. d4 Nf6 2. c4 e6 3. Nf3 b6 4. g3 Bb7 5. Bg2 Be7 6. O-O O-O 7. Nc3 Ne4 8. Nxe4 Bxe4 9. Ne5 Bxg2 {E18: Queen's Indian: Old Main Line (4 g3 Bb7 5 Bg2 Be7 6 0-0 0-0 7 Nc3)} 10. Kxg2 d6 11. Nf3 {LiveBook: 5 Games} c5 12. b3 cxd4 13. Nxd4 d5 14. cxd5 Qxd5+ 15. Nf3 Qe4 16. Be3 Rd8 17. Qb1 {[#]} Qb7 $146 18. Kg1 h6 19. Bd4 Nc6 20. Bc3 Qa6 21. Qe4 Rac8 22. Rfc1 Ba3 23. Rc2 Qb5 24. Qg4 {[%csl Gc3][%cal Rg4g7]} Bf8 25. Rac1 Ne7 26. Kg2 Rc5 27. Bb2 Nc6 28. Rxc5 bxc5 29. Qc4 Qb7 30. Bc3 Nd4 31. Bxd4 cxd4 32. Qc7 Qd5 33. Qxa7 e5 34. Rc4 g5 {And now ...g4 would win.The position is equal.} 35. h3 h5 $132 {[%mdl 2048] White must now prevent ...g4. Black is not holding back} 36. Kh2 d3 37. Qe3 d2 38. Qxg5+ {[%mdl 64] [#] Double Attack} Bg7 39. Nxd2 $1 Qxd2 {[%mdl 64] Double Attack} 40. Qxh5 Qxa2 41. Rg4 {White wants to mate with Qg5.} Qa7 42. Rxg7+ {[%mdl 64] [#] Decoy} Kxg7 43. Qg5+ {[%mdl 64] Double Attack} Kh7 44. Qh5+ Kg7 (44... Kg8 $5 45. Qg5+ $8 {[%mdl 64] Double Attack} Kh7 46. Qxd8 Qxf2+ {[%mdl 64] Double Attack} 47. Kh1 Qf1+ 48. Kh2 Qf2+ 49. Kh1 Qf1+ 50. Kh2 Qf2+ $11) 45. Qg5+ {[%mdl 64] Double Attack} Kh7 {Accuracy: White = 65%, Black = 69%.} 1/2-1/2

[Event "17th Asian Continental-ch Open 2018"]
[Site "Makati City"]
[Date "2018.12.13"]
[Round "4.7"]
[White "Tran, Tuan Minh"]
[Black "Le, Quang Liem"]
[Result "1/2-1/2"]
[WhiteElo "2524"]
[BlackElo "2714"]
[Annotator "TA"]
[PlyCount "81"]
[EventDate "2018.12.07"]
[EventType "swiss"]
[EventRounds "9"]
[EventCountry "PHI"]

{[%evp 21,81,39,44,24,41,37,114,91,84,90,87,87,88,90,76,77,76,0,0,0,0,0,17,0,29,0,0,0,0,0,0,-7,-5,-26,-48,-24,-5,-45,-25,-21,-15,-25,0,0,0,0,0,0,0,0,0,0,0,0,0,-58,0,0,0,0,0,0]} 1. d4 Nf6 2. c4 g6 3. Nc3 d5 4. cxd5 Nxd5 5. e4 Nxc3 6. bxc3 Bg7 7. Nf3 c5 8. Be3 O-O 9. Be2 b6 {D85: Exchange Grünfeld: Unusual White 7th moves and lines with 7 Nf3} 10. Rc1 cxd4 (10... e6 11. Qa4 Bb7 12. e5 Nc6 13. O-O cxd4 14. cxd4 Ne7 15. Nd2 Nd5 16. Nc4 Nxe3 17. fxe3 {½-½ (53) Korobov,A (2678)-Artemiev,V (2704) Poikovsky 2018}) 11. cxd4 e6 {LiveBook: 5 Games. White is slightly better.} 12. h4 Bb7 13. e5 {[#]} h5 $146 (13... Nc6 $14) ({Predecessor:} 13... Nc6 14. h5 Ne7 15. Bg5 Qd7 16. Qd2 Rac8 17. Rxc8 Rxc8 18. hxg6 fxg6 {½-½ (33) Gonzalez Garcia,J (2509)-Safarli,E (2597) Zuerich 2009}) 14. Rg1 Nc6 {[%cal Bb8c6,Bc6e7,Be7g6][%mdl 32]} 15. g4 $1 {[%cal Rg4h5]} hxg4 16. Rxg4 Ne7 17. h5 gxh5 {[#]} 18. Rg1 $1 Rc8 {[#]} 19. Bd3 ({Better is} 19. Ng5 $1 $16 Rxc1 20. Bxc1) 19... Rxc1 $11 20. Bxc1 {[#]} Ng6 $1 $36 {[%mdl 2560] Threatens to win with ...Bxf3. Black has good play.} 21. Be3 {Hoping for Ng5.} (21. Bxg6 fxg6) 21... Qc7 22. Ng5 Qc3+ 23. Qd2 Qa1+ 24. Qd1 Qxd1+ 25. Kxd1 h4 26. Ke2 Bd5 27. f3 b5 28. a3 a6 29. f4 Rc8 30. f5 exf5 31. Bxf5 Rc3 {...Bh6 is the strong threat.} 32. e6 Ne7 33. exf7+ Bxf7 34. Be6 Bxe6 35. Nxe6 Nf5 36. Nxg7 Nxg7 37. d5 {Black must now prevent Rxg7+!} h3 {Strongly threatening ...h2.} ({Don't go for} 37... Rxa3 $2 38. d6 $18) 38. Bd4 ({White should play} 38. d6 $1 $11 h2 39. Rh1) 38... Rc2+ (38... h2 $1 $15 39. Rh1 (39. Rxg7+ Kf8 $17) 39... Rxa3) 39. Kf3 {The position is equal.} Rg2 $1 40. Rxg2 hxg2 41. Kxg2 {Accuracy: White = 77%, Black = 66%.} 1/2-1/2